00648nam a22002417a 4500003000500000005001700005008004100022010000800063011000900071035000900080040000900089082001600098100002000114245006300134260005400197300002300251490002000274500001000294650002600304650003600330650002000366830002000386CHAP20220329132956.0971013s1985 r 00010 d a860 a1832 a1009 cCHAP a633.208bB700aBrockman, J. S. aWeeds, pests and diseases of grassland and herbage legumes aCroydon :bBritish Crop Protection Council,c1985 a318 p.b: gráfs. aMonographv; 29 a39-8414aPastosxEnfermedades.14aPastosxMalas hierbasxControl.14aPastosxPlagas.0 aMonographv; 29